00498nam a2200205Ia 4500003000400000005001700004008004100021020002200062040000700084041000800091082001800099100002000117245004300137250000600180260004300186300001900229365001300248650001400261650001700275OSt20230415112945.0210423s2014 xx 000 0 und d a978-81-224-2451-5 cAL aeng a543.0858 REDS aREDDY (Veera K) aSymmetry and spectroscopy of molecules a2 aNew DelhibNew Age Internationalc2014 axviii,631pbPB b399cINR aChemistry aSpectroscopy